书目信息 |
| 题名: |
中华民俗万年历
|
|
| 作者: | 文龙 编著 | |
| 分册: | ||
| 出版信息: | 中国工人 2007.12 |
|
| 页数: | 386页 | |
| 开本: | 20cm | |
| 丛书名: | ||
| 单 册: | ||
| 中图分类: | K892 | |
| 科图分类: | ||
| 主题词: | 风俗习惯 | |
| 电子资源: | ||
| ISBN: | 978-7-5008-3974-3 | |
| 000 | 00593nam0 2200229 45 | |
| 001 | 0944695052 | |
| 005 | 20091012122535.54 | |
| 010 | @a978-7-5008-3974-3@dCNY36.00 | |
| 100 | @a20090515d2007 ekmy0 y0120 ea | |
| 102 | @aCN@b130000 | |
| 102 | @aCN@b110000 | |
| 105 | @ay z 000yy | |
| 200 | 1 | @a中华民俗万年历@f文龙编著@Fwen long bian zhu |
| 210 | @c中国工人@d2007.12 | |
| 210 | @a北京@c中国工人出版社 | |
| 215 | @a386页@d20cm | |
| 606 | 0 | @a风俗习惯 |
| 690 | @aK892@v4 | |
| 701 | 0 | @a文龙@Awen long@4编著 |
| 801 | 0 | @aCN@c20091012 |
| 905 | @a10447@dK892@eW650 | |
| 906 | @d36@n2@r1 | |
| 中华民俗万年历/文龙编著.-中国工人,2007.12.-北京:中国工人出版社 |
| 386页;20cm |
| ISBN 978-7-5008-3974-3:CNY36.00 |
| ● |
| 相关链接 |
|
|
|
正题名:中华民俗万年历
索取号:K892/W650
 
预约/预借
| 序号 | 登录号 | 条形码 | 馆藏地/架位号 | 状态 | 备注 |
| 1 | 895599 | 208955996 | 社科库309/ [索取号:K892/W650] | 在馆 | |
| 2 | 895600 | 208956003 | 社科库309/ [索取号:K892/W650] | 在馆 |